000 00369pab a2200157 454500
008 180718b1983 xxu||||| |||| 00| 0 eng d
100 _aBayliss, David
245 _aTransportation
260 _c1983
300 _a89-92
362 _aAug.
500 _aAnnual Review
650 _aLocal Transportation - U.K
773 _aLocal Government Studies
909 _a12864
999 _c12864
_d12864